000 00341nam a2200133Ia 4500
005 20260328101517.0
008 260328s9999||||xx |||||||||||||| ||und||
100 _aRichards, J.M.
245 3 _aAn Introduction to Moderns Architecture /
_cJ.M. Richards
260 _bPenguin
300 _a128 p.
650 _aEDAD Contemporánea
942 _cBK
999 _c9440
_d9440